[Event "XIV C.to Europeo a squadre Seniores"]
[Site "Rogaska Slatina SLO"]
[Date "2012.03.27"]
[Round "1.1"]
[White "Jorgensen, Jorgen"]
[Black "Tatai, Stefano"]
[Result "1/2-1/2"]
[WhiteElo "2209"]
[BlackElo "2362"]
[Annotator "ITA-DEN2"]
[PlyCount "37"]
[EventDate "2012.03.27"]

1. c4 e6 2. Nf3 d5 3. b3 Nf6 4. e3 Be7 5. Be2 O-O 6. O-O Nbd7 7. Bb2 c6 8. d4
Ne4 9. Nbd2 f5 10. Ne1 Bd6 11. Nd3 Qh4 12. Nf3 Qh6 13. Nfe5 Nxe5 14. dxe5 Be7
15. Qc1 Rf7 16. Ba3 Bd7 17. Bxe7 Rxe7 18. Rd1 Be8 19. f3 1/2-1/2

[Event "XIV C.to Europeo a squadre Seniores"]
[Site "Rogaska Slatina SLO"]
[Date "2012.03.27"]
[Round "1.2"]
[White "Mariotti, Sergio"]
[Black "Olesen, Poul Erik Norgaard"]
[Result "1/2-1/2"]
[WhiteElo "2326"]
[BlackElo "2052"]
[Annotator "ITA-DEN2"]
[PlyCount "63"]
[EventDate "2012.03.27"]

1. e4 e5 2. Nf3 d6 3. d4 exd4 4. Nxd4 g6 5. Nc3 Bg7 6. g3 Bd7 7. Bg2 Nc6 8. Be3
Nf6 9. h3 O-O 10. Nde2 Re8 11. Qd2 a6 12. Bg5 Qc8 13. g4 b5 14. Qf4 Re6 15. Nd5
Ne8 16. Qc1 f6 17. Be3 Rb8 18. Nef4 Re5 19. Nd3 Re6 20. f4 f5 21. exf5 gxf5 22.
gxf5 Rh6 23. f6 Nxf6 24. f5 Rh5 25. O-O Kh8 26. Bg5 Nd4 27. Nxf6 Ne2+ 28. Kh2
Nxc1 29. Nxh5 Nxd3 30. f6 Bf8 31. cxd3 Qe8 32. Nf4 1/2-1/2

[Event "XIV C.to Europeo a squadre Seniores"]
[Site "Rogaska Slatina SLO"]
[Date "2012.03.27"]
[Round "1.3"]
[White "Jorgensen, Arne Bjorn"]
[Black "Micheli, Carlo"]
[Result "0-1"]
[WhiteElo "1991"]
[BlackElo "2268"]
[Annotator "ITA-DEN2"]
[PlyCount "76"]
[EventDate "2012.03.27"]

1. d4 Nf6 2. Nf3 g6 3. g3 Bg7 4. Bg2 O-O 5. O-O d6 6. c4 Nbd7 7. Nc3 a6 8. e4
e5 9. dxe5 dxe5 10. h3 b5 11. cxb5 axb5 12. Bg5 c6 13. a3 h6 14. Be3 Qe7 15.
Qc2 Bb7 16. Rfd1 Rfc8 17. Rac1 Bf8 18. Nd2 Nc5 19. Bxc5 Qxc5 20. Nb3 Qb6 21.
Bf1 h5 22. Bg2 h4 23. Kh2 Bh6 24. Ra1 Nh5 25. Bf3 Ng7 26. Rd6 Bg5 27. Qe2 Ne8
28. Rd7 Nf6 29. Rd6 Qa7 30. Rad1 Kg7 31. Kg2 Rh8 32. Na2 Bc8 33. Rh1 Be6 34.
Nac1 Rac8 35. Na1 hxg3 36. fxg3 Bxc1 37. Rxc1 Bxh3+ 38. Kh2 Bf1+ 0-1

[Event "XIV C.to Europeo a squadre Seniores"]
[Site "Rogaska Slatina SLO"]
[Date "2012.03.28"]
[Round "2.2"]
[White "Nickl, Klaus"]
[Black "Mariotti, Sergio"]
[Result "0-1"]
[WhiteElo "2162"]
[BlackElo "2326"]
[Annotator "ITA-STEI"]
[PlyCount "66"]
[EventDate "2012.03.27"]

1. d4 Nf6 2. Nf3 d5 3. e3 c5 4. c3 Nbd7 5. Be2 e6 6. O-O Bd6 7. b3 O-O 8. Bb2
b6 9. Nbd2 Bb7 10. c4 Qe7 11. Ne5 cxd4 12. exd4 Ba3 13. Bxa3 Qxa3 14. Nxd7 Nxd7
15. Nf3 Rac8 16. Qc1 Qd6 17. Qe3 Rc7 18. Rfc1 Rfc8 19. cxd5 Bxd5 20. Ba6 Rxc1+
21. Rxc1 Rxc1+ 22. Qxc1 Bxf3 23. gxf3 Qxd4 24. Qc7 h6 25. Qxa7 Ne5 26. Qa8+ Kh7
27. Qe4+ f5 28. Qe2 Qa1+ 29. Kg2 Ng6 30. Qe3 Nh4+ 31. Kh3 Qg1 32. Bf1 Qxf1+ 33.
Kxh4 Qg2 0-1

[Event "XIV C.to Europeo a squadre Seniores"]
[Site "Rogaska Slatina SLO"]
[Date "2012.03.28"]
[Round "2.3"]
[White "Micheli, Carlo"]
[Black "Kratschmer, Heinz"]
[Result "1-0"]
[WhiteElo "2268"]
[BlackElo "2164"]
[Annotator "ITA-STEI"]
[PlyCount "101"]
[EventDate "2012.03.27"]

1. c4 Nf6 2. g3 e5 3. Bg2 d5 4. cxd5 Nxd5 5. Nc3 Nb6 6. d3 Be7 7. Nf3 Nc6 8.
O-O O-O 9. Be3 Re8 10. Nd2 Nd4 11. a4 c6 12. a5 Nd5 13. Nxd5 cxd5 14. Bxd4 exd4
15. Qb3 Bg5 16. Nf3 Bf6 17. Rfe1 Qd6 18. Ra4 Qc5 19. Qb4 Qc2 20. Kf1 Bd7 21.
Raa1 Be7 22. Qxb7 Bc6 23. Nxd4 Qxe2+ 24. Rxe2 Bxb7 25. Rae1 Kf8 26. Nf5 Bb4 27.
Rxe8+ Rxe8 28. Rxe8+ Kxe8 29. Nxg7+ Ke7 30. Nf5+ Ke6 31. Nd4+ Ke5 32. Nb3 Bc6
33. f4+ Kd6 34. Ke2 Ba4 35. Nd4 Bxa5 36. Nf5+ Kc5 37. Ke3 Bb4 38. Bf3 Bd7 39.
Nd4 Bd2+ 40. Kxd2 Kxd4 41. g4 f6 42. g5 fxg5 43. fxg5 Bf5 44. Be2 Bh3 45. b4 a6
46. Bh5 Bf5 47. Bf7 Bh3 48. Bg8 Bf5 49. h4 Bg6 50. h5 Bxd3 51. Bf7 1-0

[Event "XIV C.to Europeo a squadre Seniores"]
[Site "Rogaska Slatina SLO"]
[Date "2012.03.28"]
[Round "2.4"]
[White "Pitzl, Konstantinos"]
[Black "Rosino, Antonio"]
[Result "0-1"]
[WhiteElo "2093"]
[BlackElo "2234"]
[Annotator "ITA-STEI"]
[PlyCount "91"]
[EventDate "2012.03.27"]

1. Nf3 Nf6 2. c4 g6 3. d4 Bg7 4. Nc3 d5 5. Bg5 Ne4 6. Bh4 Nxc3 7. bxc3 dxc4 8.
e3 b5 9. Be2 c6 10. O-O a6 11. a4 Nd7 12. axb5 cxb5 13. Qb1 Bb7 14. Qb4 Bf6 15.
Bg3 O-O 16. Nd2 Nb6 17. e4 e6 18. Bd6 Re8 19. Bc5 Be7 20. Nxc4 Nxc4 21. Bxc4
Bxe4 22. Rfe1 Bxc5 23. Qxc5 Bd5 24. Bf1 Qe7 25. Qb6 Reb8 26. Qa5 Rc8 27. Re3
Qc7 28. Qb4 Rd8 29. Re5 Qd6 30. Qa5 Rdc8 31. Re3 Bc4 32. Rae1 Bxf1 33. Rxf1 Rc4
34. Qa1 b4 35. cxb4 Rxb4 36. Rd1 Rd8 37. Red3 Qb6 38. Qc3 a5 39. h3 Rb5 40. Qa3
Qd6 41. Qa4 Qb4 42. Qc2 a4 43. Qc7 Qa5 44. Qe7 Rbd5 45. f4 Qb6 46. Qf6 0-1

[Event "XIV C.to Europeo a squadre Seniores"]
[Site "Rogaska Slatina SLO"]
[Date "2012.03.29"]
[Round "3.2"]
[White "Mariotti, Sergio"]
[Black "Mishuchkov, Nikolai M."]
[Result "1/2-1/2"]
[WhiteElo "2326"]
[BlackElo "2431"]
[Annotator "ITA-RUS1"]
[PlyCount "35"]
[EventDate "2012.03.27"]

1. d4 Nf6 2. Nf3 d5 3. c4 dxc4 4. Qa4+ c6 5. Qxc4 Bf5 6. e3 e6 7. Bd3 Bxd3 8.
Qxd3 c5 9. Qb3 Qd7 10. O-O Nc6 11. dxc5 Nd5 12. Bd2 Ndb4 13. Na3 Bxc5 14. Nc2
O-O 15. Rac1 Be7 16. Bc3 Nd5 17. Nfd4 Nxd4 18. Nxd4 1/2-1/2

[Event "XIV C.to Europeo a squadre Seniores"]
[Site "Rogaska Slatina SLO"]
[Date "2012.03.29"]
[Round "3.3"]
[White "Pushkov, Nikolai"]
[Black "Micheli, Carlo"]
[Result "0-1"]
[WhiteElo "2390"]
[BlackElo "2268"]
[Annotator "ITA-RUS1"]
[PlyCount "121"]
[EventDate "2012.03.27"]

1. d4 Nf6 2. Nf3 g6 3. c4 Bg7 4. g3 O-O 5. Bg2 d6 6. O-O Na6 7. Nc3 Qe8 8. b3
Nd7 9. e4 e5 10. Re1 exd4 11. Nxd4 Ndc5 12. Be3 Bd7 13. a3 c6 14. Rb1 Qe7 15.
Qd2 Rfe8 16. b4 Ne6 17. Nde2 Red8 18. Rbd1 Be8 19. f4 Nac7 20. Bf2 f6 21. f5
Nf8 22. Bf1 Bf7 23. Nd4 Nd7 24. Nf3 Ne5 25. Nxe5 dxe5 26. Qc2 b6 27. Be3 Ne8
28. c5 b5 29. a4 a6 30. Rxd8 Rxd8 31. axb5 axb5 32. Ra1 Qb7 33. Qb2 Nc7 34. Ra5
gxf5 35. exf5 Nd5 36. Nxd5 Bxd5 37. Be2 Qd7 38. Qc2 Qf7 39. Kf2 Qf8 40. Qb1 Bh6
41. Qc1 Bxe3+ 42. Qxe3 Qg7 43. Ra6 Qd7 44. g4 Kg7 45. Qa3 Bf7 46. Qe3 h5 47. h3
hxg4 48. hxg4 Rh8 49. Bf3 e4 50. Bg2 Qc7 51. g5 Bd5 52. gxf6+ Kxf6 53. Qc3+ Qe5
54. Qxe5+ Kxe5 55. Ra3 Kf4 56. Bh3 Re8 57. Re3 Ra8 58. Bf1 Kxf5 59. Rc3 Kf4 60.
Be2 Ra2 61. Re3 0-1

[Event "XIV C.to Europeo a squadre Seniores"]
[Site "Rogaska Slatina SLO"]
[Date "2012.03.29"]
[Round "3.4"]
[White "Valenti, Giuseppe"]
[Black "Chernikov, Oleg L."]
[Result "1/2-1/2"]
[WhiteElo "2138"]
[BlackElo "2415"]
[Annotator "ITA-RUS1"]
[PlyCount "59"]
[EventDate "2012.03.27"]

1. e4 c5 2. Nf3 d6 3. d4 cxd4 4. Nxd4 Nf6 5. Nc3 Nc6 6. Bc4 Bd7 7. O-O g6 8. h3
Bg7 9. Be3 O-O 10. Re1 a6 11. Bb3 Re8 12. f4 Nxd4 13. Bxd4 e5 14. fxe5 dxe5 15.
Be3 Bc6 16. Qf3 Qc7 17. Rf1 Kh8 18. g4 b5 19. Bg5 Ng8 20. Qxf7 Qb6+ 21. Qf2
Qxf2+ 22. Rxf2 Rf8 23. Raf1 Rxf2 24. Rxf2 Rf8 25. Rxf8 Bxf8 26. Kf2 h5 27. Bd5
Bd7 28. Bb7 a5 29. Ba6 b4 30. Nd5 1/2-1/2

[Event "XIV C.to Europeo a squadre Seniores"]
[Site "Rogaska Slatina SLO"]
[Date "2012.03.30"]
[Round "4.1"]
[White "Tatai, Stefano"]
[Black "Faibisovich, Vadim Z."]
[Result "1/2-1/2"]
[WhiteElo "2362"]
[BlackElo "2377"]
[Annotator "ITA-SPET"]
[PlyCount "67"]
[EventDate "2012.03.27"]

1. e4 c5 2. Nf3 Nc6 3. Bb5 g6 4. O-O Bg7 5. c3 Nf6 6. d4 Nxe4 7. d5 Nd6 8. Bd3
Ne5 9. Nxe5 Bxe5 10. Re1 Bg7 11. Bf4 O-O 12. Bxd6 exd6 13. Qe2 b5 14. Bxb5 Bb7
15. Qd2 Rb8 16. Na3 Ba8 17. Re2 Qa5 18. Qd3 Rfe8 19. Rxe8+ Rxe8 20. Bxd7 Rd8
21. Nc4 Qc7 22. Ba4 Bb7 23. Qd2 Ba6 24. Ne3 Rb8 25. b3 h5 26. Rd1 Qa5 27. c4
Qxd2 28. Rxd2 Rb7 29. Re2 Re7 30. Kf1 Kf8 31. Nd1 Bc8 32. Rxe7 Kxe7 33. Ke2 Bf5
34. Kd2 1/2-1/2

[Event "XIV C.to Europeo a squadre Seniores"]
[Site "Rogaska Slatina SLO"]
[Date "2012.03.30"]
[Round "4.2"]
[White "Karasev, Vladimir I."]
[Black "Mariotti, Sergio"]
[Result "1/2-1/2"]
[WhiteElo "2379"]
[BlackElo "2326"]
[Annotator "ITA-SPET"]
[PlyCount "68"]
[EventDate "2012.03.27"]

1. e4 e5 2. Nf3 Nc6 3. Nc3 Nf6 4. g3 Bb4 5. Bg2 O-O 6. O-O Re8 7. d3 h6 8. h3
Bxc3 9. bxc3 d5 10. exd5 Qxd5 11. Nd4 Qc5 12. Nxc6 bxc6 13. c4 Bd7 14. Be3 Qa3
15. Qc1 Qd6 16. Rb1 e4 17. dxe4 Qe6 18. Rb7 Qxc4 19. Rxc7 Be6 20. Rd1 Qxa2 21.
Rxc6 Rac8 22. Rxc8 Rxc8 23. c3 a5 24. Bd4 Nd7 25. Qa1 a4 26. Qxa2 Bxa2 27. Bxg7
Kxg7 28. Rxd7 Rxc3 29. e5 a3 30. Rd1 Be6 31. Be4 a2 32. Ra1 f6 33. exf6+ Kxf6
34. Kh2 Ke7 1/2-1/2

[Event "XIV C.to Europeo a squadre Seniores"]
[Site "Rogaska Slatina SLO"]
[Date "2012.03.30"]
[Round "4.3"]
[White "Micheli, Carlo"]
[Black "Turikov, Viktor"]
[Result "0-1"]
[WhiteElo "2268"]
[BlackElo "2263"]
[Annotator "ITA-SPET"]
[PlyCount "235"]
[EventDate "2012.03.27"]

1. c4 e6 2. Nf3 Nf6 3. e3 c5 4. Nc3 Nc6 5. d4 cxd4 6. exd4 d5 7. Bg5 Be7 8. Be2
dxc4 9. Bxc4 O-O 10. O-O h6 11. Bh4 a6 12. Bb3 Nd5 13. Bg3 Nxc3 14. bxc3 Bf6
15. Qe2 Qa5 16. Rac1 Bd7 17. Rfd1 Ne7 18. Bd6 Rfe8 19. Ne5 Bxe5 20. Qxe5 Qxe5
21. Bxe5 Bc6 22. a4 Rac8 23. c4 Red8 24. Bf4 b5 25. axb5 axb5 26. c5 Bd5 27.
Bc2 Nc6 28. Rb1 Bc4 29. Be3 f5 30. f4 Ra8 31. Bf2 b4 32. Rdc1 Bd5 33. Bd1 Ra3
34. Be2 Be4 35. Rb2 Rc3 36. Rd1 Rc2 37. Rd2 b3 38. Be3 Rxd2 39. Rxd2 Ra8 40.
Rb2 Bd5 41. Bd3 Ra2 42. Bd2 Nxd4 43. Bc3 Nc6 44. Kf2 Kf7 45. Ke3 g5 46. g3 g4
47. Bb5 Ne7 48. Kd4 Ra1 49. Ke5 Rd1 50. Bd2 Ra1 51. Kd6 Ra8 52. Bc3 Rc8 53. Bd7
Rd8 54. Kc7 Ra8 55. Bb5 Ra7+ 56. Kd6 Nc8+ 57. Ke5 Rc7 58. Kd4 Na7 59. Ba4 Rb7
60. Ba5 Ke7 61. Bb6 Nc8 62. Bxb3 Bc6 63. Bc4 Rd7+ 64. Kc3 Rd1 65. Bc7 Kd7 66.
Be5 Ne7 67. Ra2 Rc1+ 68. Rc2 Rh1 69. Bd6 Be4 70. Rd2 Rc1+ 71. Kb3 Bd5 72. Bxd5
Nxd5 73. Ra2 Kc6 74. Re2 Rc3+ 75. Kb2 Re3 76. Rd2 Nf6 77. Bf8 Ne4 78. Rc2 h5
79. Kc1 Rc3 80. Rxc3 Nxc3 81. Kd2 Ne4+ 82. Ke3 Kd5 83. Be7 Nxc5 84. Bf6 Kc4 85.
Be5 Ne4 86. Bg7 Nc5 87. Bf6 Na6 88. Bg7 Nb4 89. Be5 Nc2+ 90. Kf2 Kd3 91. Bb8
Ke4 92. Bc7 Nb4 93. Be5 Nd5 94. Bb8 h4 95. Bd6 h3 96. Bb8 Kd3 97. Be5 Kd2 98.
Bd6 Nf6 99. Bb4+ Kd3 100. Ba5 Ne4+ 101. Kg1 Ke2 102. Bd8 Nd2 103. Bf6 Nf3+ 104.
Kh1 Kf2 105. Bc3 Kf1 106. Bf6 Ke2 107. Bc3 Kd3 108. Bf6 Ke4 109. Bc3 Kd5 110.
Bf6 Ne1 111. Bg7 Ke4 112. Bf6 Nd3 113. Bg7 Nxf4 114. gxf4 Kxf4 115. Kg1 Ke4
116. Kf2 f4 117. Bf6 e5 118. Be7 0-1

[Event "XIV C.to Europeo a squadre Seniores"]
[Site "Rogaska Slatina SLO"]
[Date "2012.03.30"]
[Round "4.4"]
[White "Golcman, Evgeny"]
[Black "Rosino, Antonio"]
[Result "1/2-1/2"]
[WhiteElo "2285"]
[BlackElo "2234"]
[Annotator "ITA-SPET"]
[PlyCount "38"]
[EventDate "2012.03.27"]

1. c4 Nf6 2. Nc3 d5 3. cxd5 Nxd5 4. Nf3 g6 5. g3 Bg7 6. Bg2 O-O 7. O-O Nc6 8.
Qb3 Nb6 9. d3 e5 10. Re1 Be6 11. Qd1 h6 12. Bd2 Nd4 13. Qc1 Kh7 14. Ne4 Bd5 15.
Nxd4 exd4 16. Bf4 Rc8 17. Nc5 Bxg2 18. Kxg2 Qd5+ 19. Kg1 Nd7 1/2-1/2

[Event "XIV C.to Europeo a squadre Seniores"]
[Site "Rogaska Slatina SLO"]
[Date "2012.03.31"]
[Round "5.1"]
[White "Jongsma, Alexander"]
[Black "Tatai, Stefano"]
[Result "0-1"]
[WhiteElo "2193"]
[BlackElo "2362"]
[Annotator "ITA-NLVS"]
[PlyCount "69"]
[EventDate "2012.03.27"]

1. e4 c5 2. Nf3 d6 3. d4 cxd4 4. Nxd4 Nf6 5. f3 g6 6. c4 Bg7 7. Nc3 O-O 8. Be2
Nc6 9. Nc2 Bd7 10. O-O Qa5 11. Rb1 Rfc8 12. b4 Qd8 13. Ne3 Nh5 14. Ncd5 e6 15.
g4 exd5 16. gxh5 Bh3 17. hxg6 hxg6 18. Nxd5 Bxf1 19. Bxf1 Ne5 20. Qb3 b5 21. c5
Rab8 22. f4 Nc4 23. a4 dxc5 24. axb5 Nb6 25. bxc5 Nxd5 26. Bc4 Nc3 27. Bxf7+
Kf8 28. Bxg6 Qd1+ 29. Qxd1 Nxd1 30. c6 Nc3 31. Ba3+ Kg8 32. Bd6 Rxb5 33. e5
Nxb1 34. Bxb1 Rxb1+ 35. Kf2 0-1

[Event "XIV C.to Europeo a squadre Seniores"]
[Site "Rogaska Slatina SLO"]
[Date "2012.03.31"]
[Round "5.2"]
[White "Micheli, Carlo"]
[Black "Ghijsen, Pim"]
[Result "1/2-1/2"]
[WhiteElo "2268"]
[BlackElo "2191"]
[Annotator "ITA-NLVS"]
[PlyCount "57"]
[EventDate "2012.03.27"]

1. e4 c5 2. Nf3 a6 3. c4 Nc6 4. d4 cxd4 5. Nxd4 Nf6 6. Nc3 e5 7. Nb3 Bb4 8. Bd3
O-O 9. Bd2 Be7 10. O-O d6 11. h3 Be6 12. Nd5 Rc8 13. Rc1 Nd7 14. Bb1 Bg5 15.
Bxg5 Qxg5 16. Rc3 Nc5 17. Rg3 Qh4 18. Nd2 Nd4 19. Nf3 Nxf3+ 20. Qxf3 Bxd5 21.
cxd5 Nd7 22. Qb3 Rc7 23. Qb4 Qe7 24. Kh2 Rfc8 25. Rf3 Nf6 26. Re1 h6 27. a4 Rc5
28. a5 Nh5 29. Rfe3 1/2-1/2

[Event "XIV C.to Europeo a squadre Seniores"]
[Site "Rogaska Slatina SLO"]
[Date "2012.03.31"]
[Round "5.3"]
[White "Van Oosten, Arend"]
[Black "Rosino, Antonio"]
[Result "1-0"]
[WhiteElo "2186"]
[BlackElo "2234"]
[Annotator "ITA-NLVS"]
[PlyCount "81"]
[EventDate "2012.03.27"]

1. e4 e5 2. f4 Qh4+ 3. g3 Qe7 4. fxe5 d6 5. Nc3 dxe5 6. d3 c6 7. Nf3 Nf6 8. Bg2
Qc7 9. Qe2 Bc5 10. Bg5 Nbd7 11. Nh4 h6 12. Bd2 Nb6 13. Rf1 Bg4 14. Nf3 O-O-O
15. h3 Be6 16. Nh4 Nbd7 17. Nf5 Bf8 18. O-O-O g6 19. Ne3 Be7 20. g4 Ne8 21.
Ned5 Qd6 22. Nxe7+ Qxe7 23. Be3 c5 24. Nd5 Bxd5 25. exd5 Nd6 26. Qd2 Kb8 27.
Bxh6 f5 28. Bg5 Nf6 29. Rde1 Rde8 30. h4 Qf7 31. gxf5 gxf5 32. c4 Nh7 33. Be3
b6 34. b4 cxb4 35. Qxb4 Qc7 36. Kb1 f4 37. c5 fxe3 38. cxd6 Qd7 39. Rxe3 Rhg8
40. Bh3 Qd8 41. d7 1-0

[Event "XIV C.to Europeo a squadre Seniores"]
[Site "Rogaska Slatina SLO"]
[Date "2012.03.31"]
[Round "5.4"]
[White "Valenti, Giuseppe"]
[Black "Van Dongen, Rob"]
[Result "1-0"]
[WhiteElo "2138"]
[BlackElo "1968"]
[Annotator "ITA-NLVS"]
[PlyCount "53"]
[EventDate "2012.03.27"]

1. e4 e6 2. d4 d5 3. Nd2 dxe4 4. Nxe4 Nd7 5. Nf3 Ngf6 6. Nxf6+ Nxf6 7. c3 Be7
8. Bd3 O-O 9. Bg5 Nd5 10. Bd2 b6 11. Qe2 Nf6 12. g4 Bb7 13. Rg1 Ne8 14. Rg3 g6
15. Bh6 Ng7 16. Qe3 Re8 17. O-O-O Bf6 18. Kb1 Rc8 19. Bc2 a6 20. h4 Be7 21. h5
Bxf3 22. Rxf3 Qd7 23. Rh1 Bf8 24. hxg6 hxg6 25. Rfh3 f5 26. gxf5 exf5 27. Bb3+
1-0

[Event "XIV C.to Europeo a squadre Seniores"]
[Site "Rogaska Slatina SLO"]
[Date "2012.04.01"]
[Round "6.2"]
[White "Opl, Klaus"]
[Black "Mariotti, Sergio"]
[Result "1-0"]
[WhiteElo "2287"]
[BlackElo "2326"]
[Annotator "ITA-ATW1"]
[PlyCount "51"]
[EventDate "2012.03.27"]

1. d4 d5 2. Nf3 Nf6 3. e3 e6 4. Bd3 c5 5. c3 Nbd7 6. Nbd2 Bd6 7. O-O O-O 8. Re1
Qc7 9. e4 cxd4 10. cxd4 dxe4 11. Nxe4 Nxe4 12. Rxe4 Re8 13. Rh4 Nf8 14. Bd2 Bd7
15. Ne5 f5 16. Rc1 Qd8 17. Rh3 Rc8 18. Rxc8 Qxc8 19. Qb3 g6 20. Bc4 Bxe5 21.
dxe5 Bc6 22. Rd3 Rd8 23. Rd6 Rxd6 24. exd6 Qd7 25. Qd3 b5 26. Bb3 1-0

[Event "XIV C.to Europeo a squadre Seniores"]
[Site "Rogaska Slatina SLO"]
[Date "2012.04.01"]
[Round "6.3"]
[White "Micheli, Carlo"]
[Black "Dueckstein, Andreas"]
[Result "1/2-1/2"]
[WhiteElo "2268"]
[BlackElo "2221"]
[Annotator "ITA-ATW1"]
[PlyCount "107"]
[EventDate "2012.03.27"]

1. c4 e5 2. g3 Nf6 3. Bg2 d5 4. cxd5 Nxd5 5. Nc3 Nb6 6. e3 Be7 7. Nge2 O-O 8.
O-O Nc6 9. f4 exf4 10. Nxf4 Ne5 11. d4 Ng6 12. e4 c6 13. b3 Nxf4 14. Bxf4 f5
15. Qd2 g6 16. Rad1 fxe4 17. Bxe4 Bf5 18. d5 cxd5 19. Nxd5 Nxd5 20. Qxd5+ Qxd5
21. Bxd5+ Kg7 22. Bxb7 Bc5+ 23. Kg2 Rad8 24. Be5+ Kh6 25. Bf3 Bc2 26. Bf4+ g5
27. Rc1 gxf4 28. Rxc2 Bb6 29. g4 Rd6 30. h4 Re8 31. g5+ Kg6 32. Kh3 h6 33. Rg2
hxg5 34. Rxg5+ Kh6 35. Kg4 Be3 36. Bd5 Re7 37. Rd1 Rg7 38. Rd3 Rdg6 39. Rxg6+
Rxg6+ 40. Kf5 Ra6 41. Bf3 Rxa2 42. Rd6+ Kg7 43. Rd7+ Kh6 44. Rd6+ Kg7 45. h5
Rd2 46. h6+ Kh8 47. Re6 Rd8 48. Re7 Bc5 49. Rc7 Rf8+ 50. Kg6 Rg8+ 51. Kh5 Bb6
52. Rd7 Rg3 53. Be4 f3 54. h7 1/2-1/2

[Event "XIV C.to Europeo a squadre Seniores"]
[Site "Rogaska Slatina SLO"]
[Date "2012.04.01"]
[Round "6.4"]
[White "Strobel, Ferdinand"]
[Black "Rosino, Antonio"]
[Result "1/2-1/2"]
[WhiteElo "2129"]
[BlackElo "2234"]
[Annotator "ITA-ATW1"]
[PlyCount "83"]
[EventDate "2012.03.27"]

1. f4 Nf6 2. Nf3 g6 3. g3 Bg7 4. Bg2 c5 5. d3 d5 6. O-O Nc6 7. Nc3 d4 8. Na4
Nd7 9. c4 Qc7 10. a3 O-O 11. Rb1 a5 12. e4 b6 13. Bd2 Bb7 14. g4 e6 15. Qe1
Rae8 16. Qh4 f6 17. Rbe1 Nd8 18. b3 Nf7 19. Qg3 Bc6 20. Nb2 h6 21. h4 g5 22.
Qh2 gxf4 23. Bxf4 Qd8 24. Bh3 Nde5 25. Re2 Nxf3+ 26. Rxf3 e5 27. Bd2 Bd7 28.
Rg2 Qe7 29. a4 Nh8 30. g5 fxg5 31. Rxf8+ Rxf8 32. Bxd7 Qxd7 33. hxg5 hxg5 34.
Bxg5 Qf7 35. Qg3 Ng6 36. Rf2 Qxf2+ 37. Qxf2 Rxf2 38. Kxf2 Nf8 39. Kf3 Kf7 40.
Kg4 Bf6 41. Bd2 Kg6 42. Nd1 1/2-1/2

[Event "XIV C.to Europeo a squadre Seniores"]
[Site "Rogaska Slatina SLO"]
[Date "2012.04.02"]
[Round "7.1"]
[White "Rodriguez Vargas, Orestes"]
[Black "Tatai, Stefano"]
[Result "1/2-1/2"]
[WhiteElo "2403"]
[BlackElo "2362"]
[Annotator "ITA-ESCT"]
[PlyCount "24"]
[EventDate "2012.03.27"]

1. e4 e5 2. Nf3 Nc6 3. Bb5 a6 4. Bxc6 dxc6 5. d4 exd4 6. Qxd4 Qxd4 7. Nxd4 Bd7
8. Be3 O-O-O 9. Nd2 Re8 10. O-O-O Ne7 11. Rhe1 Ng6 12. h3 Bd6 1/2-1/2

[Event "XIV C.to Europeo a squadre Seniores"]
[Site "Rogaska Slatina SLO"]
[Date "2012.04.02"]
[Round "7.2"]
[White "Mariotti, Sergio"]
[Black "Garriga Nualart, Josep"]
[Result "1/2-1/2"]
[WhiteElo "2326"]
[BlackElo "2319"]
[Annotator "ITA-ESCT"]
[PlyCount "34"]
[EventDate "2012.03.27"]

1. e4 e5 2. Nf3 Nc6 3. Nc3 Nf6 4. g3 g6 5. Bg2 Bg7 6. O-O O-O 7. d3 d6 8. h3 h6
9. Be3 Kh7 10. Kh2 Ng8 11. d4 f6 12. Qd2 Nce7 13. Rad1 Be6 14. b3 Qc8 15. Ng1
f5 16. dxe5 dxe5 17. Bc5 Rd8 1/2-1/2

[Event "XIV C.to Europeo a squadre Seniores"]
[Site "Rogaska Slatina SLO"]
[Date "2012.04.02"]
[Round "7.3"]
[White "Monedero Gonzalez, Josep"]
[Black "Micheli, Carlo"]
[Result "0-1"]
[WhiteElo "2104"]
[BlackElo "2268"]
[Annotator "ITA-ESCT"]
[PlyCount "44"]
[EventDate "2012.03.27"]

1. d4 d6 2. Nf3 Nf6 3. e3 g6 4. Nbd2 Bg7 5. b3 O-O 6. Bb2 Nc6 7. Be2 b6 8. O-O
Bb7 9. c4 e6 10. Qc2 Nb4 11. Qc3 c5 12. a3 Nc6 13. b4 Nd7 14. Qb3 cxd4 15. exd4
Ne7 16. a4 Nf5 17. Bd3 Rb8 18. a5 bxa5 19. Rxa5 Bxf3 20. Bxf5 Qxa5 21. bxa5
Rxb3 22. Nxb3 gxf5 0-1

[Event "XIV C.to Europeo a squadre Seniores"]
[Site "Rogaska Slatina SLO"]
[Date "2012.04.02"]
[Round "7.4"]
[White "Rosino, Antonio"]
[Black "Sanz Bastos, Fernando"]
[Result "1/2-1/2"]
[WhiteElo "2234"]
[BlackElo "2058"]
[Annotator "ITA-ESCT"]
[PlyCount "42"]
[EventDate "2012.03.27"]

1. e4 e5 2. Nf3 Nc6 3. Bb5 a6 4. Ba4 d6 5. c3 Bd7 6. d4 Nge7 7. Be3 Ng6 8. h4
Be7 9. h5 Nf4 10. Bxf4 exf4 11. Qd2 b5 12. Bc2 Bf6 13. Qxf4 Qe7 14. Nbd2 O-O-O
15. b4 g5 16. Qe3 g4 17. Ng1 Bg5 18. Qd3 f5 19. Ne2 Rhf8 20. O-O f4 21. a4 Nb8
1/2-1/2

[Event "XIV C.to Europeo a squadre Seniores"]
[Site "Rogaska Slatina SLO"]
[Date "2012.04.03"]
[Round "8.1"]
[White "Tatai, Stefano"]
[Black "Danner, Georg"]
[Result "1-0"]
[WhiteElo "2362"]
[BlackElo "2402"]
[Annotator "ITA-AUT1"]
[PlyCount "115"]
[EventDate "2012.03.27"]

1. e4 c5 2. Nf3 Nc6 3. Bb5 Nd4 4. Nxd4 cxd4 5. c4 Qa5 6. O-O a6 7. Ba4 b5 8.
cxb5 axb5 9. Bb3 e6 10. d3 Bb7 11. Bf4 Ne7 12. Nd2 d5 13. Rc1 Qb6 14. Qh5 dxe4
15. Bc7 Qa6 16. Nxe4 Bxe4 17. dxe4 Rc8 18. Be5 Rd8 19. Rfd1 Nc6 20. Bc7 Rd7 21.
Bg3 g6 22. Qe2 Bg7 23. a4 Na5 24. axb5 Qb6 25. Ba4 O-O 26. b4 Nb7 27. Rc6 Qd8
28. Qd3 e5 29. Bb3 Qe7 30. Rb1 Rb8 31. Bd5 Nd8 32. Qc4 Bf8 33. Rc5 Bg7 34. Rc8
Rxc8 35. Qxc8 Rc7 36. Bh4 Rxc8 37. Bxe7 Bf8 38. Bxd8 Rxd8 39. b6 Bd6 40. b7 Kf8
41. Rc1 Ke7 42. Rc8 f5 43. Kf1 fxe4 44. Bxe4 Kd7 45. Bc6+ Ke7 46. Ke2 h6 47.
Kd3 Rf8 48. f3 g5 49. b5 e4+ 50. Kxe4 Bxh2 51. Kxd4 Rd8+ 52. Ke4 Rf8 53. b6 Bf4
54. Rc7+ Kd6 55. Bd7 Rb8 56. Bc8 Bg3 57. Rh7 Kc5 58. Rxh6 1-0

[Event "XIV C.to Europeo a squadre Seniores"]
[Site "Rogaska Slatina SLO"]
[Date "2012.04.03"]
[Round "8.2"]
[White "Hoelzl, Franz"]
[Black "Mariotti, Sergio"]
[Result "1/2-1/2"]
[WhiteElo "2336"]
[BlackElo "2326"]
[Annotator "ITA-AUT1"]
[PlyCount "65"]
[EventDate "2012.03.27"]

1. Nf3 Nf6 2. d4 d5 3. c4 c6 4. e3 e6 5. Bd3 Nbd7 6. O-O Bd6 7. Nbd2 h6 8. e4
dxe4 9. Nxe4 Nxe4 10. Bxe4 Nf6 11. Bc2 c5 12. Be3 Qc7 13. Re1 O-O 14. dxc5 Bxc5
15. Bxc5 Qxc5 16. Ne5 b5 17. Qf3 Ba6 18. cxb5 Qxc2 19. bxa6 Qxb2 20. Qb7 Qd2
21. h3 Nd5 22. Nc6 Qg5 23. g3 h5 24. h4 Qg4 25. Rad1 Qa4 26. Rd2 g6 27. Rc1 Kg7
28. Rdc2 Rac8 29. Rc5 Rc7 30. Qb2+ Kh7 31. Ra5 Qe4 32. Rac5 Rfc8 33. R5c4
1/2-1/2

[Event "XIV C.to Europeo a squadre Seniores"]
[Site "Rogaska Slatina SLO"]
[Date "2012.04.03"]
[Round "8.3"]
[White "Micheli, Carlo"]
[Black "Wittmann, Walter"]
[Result "1-0"]
[WhiteElo "2268"]
[BlackElo "2286"]
[Annotator "ITA-AUT1"]
[PlyCount "79"]
[EventDate "2012.03.27"]

1. c4 c5 2. Nc3 Nc6 3. g3 g6 4. Bg2 Bg7 5. d3 d6 6. Bd2 Bd7 7. Rb1 Rb8 8. a3 a5
9. Nf3 Nf6 10. O-O O-O 11. Ne1 b6 12. Nc2 Nd4 13. b4 axb4 14. axb4 Bc6 15. Nxd4
Bxg2 16. Kxg2 cxd4 17. Nb5 e5 18. e3 dxe3 19. Bxe3 d5 20. Bg5 h6 21. Bxf6 Bxf6
22. Nc3 dxc4 23. dxc4 Bg7 24. Qb3 Qd7 25. Rbd1 Qc6+ 26. Nd5 Rfe8 27. Kg1 Kh7
28. Rfe1 f5 29. b5 Qb7 30. Nb4 Qf7 31. Nc6 Ra8 32. Rd5 e4 33. Red1 Ra1 34. Rxa1
Bxa1 35. Qd1 Bg7 36. c5 f4 37. Rd7 Qc4 38. Qe1 Rg8 39. cxb6 e3 40. fxe3 1-0